000 00689cam a2200229 4500500
005 20260405002255.0
041 _afre
042 _adc
100 1 0 _aTenaillon, Nicolas
_eauthor
245 0 0 _aPic de la Mirandole et la dignité humaine
260 _c2016.
500 _a46
690 _aDignité
690 _aHumanisme
690 _aJean-Christophe Saladin
690 _aMachiavel
690 _aMichele Ciliberto
690 _aPic de la Mirandole
690 _aRenaissance
786 0 _nPhilosophie magazine | 102 | 9 | 2016-09-01 | p. 50-50 | 1951-1787
856 4 1 _uhttps://shs.cairn.info/magazine-philosophie-magazine-2016-9-page-50?lang=fr&redirect-ssocas=7080
999 _c2056132
_d2056133